Statistics for Who Starred in that Movie Quiz #5

Click here to take the quiz!

General Stats

  • This quiz has been taken 45,231 times
    (3,073 since last reset)
  • The average score is 13 of 20

Answer Stats

MoviesStar% Correct
Pretty Woman, Erin Brockovich, Eat Pray LoveJulia Roberts
96%
Lethal Weapon, Mad Max, BraveheartMel Gibson
87%
Gladiator, A Beautiful Mind, Cinderella ManRussell Crowe
83%
Mean Girls, Freaky Friday, The Parent TrapLindsay Lohan
82%
Pretty Woman, American Gigolo, ChicagoRichard Gere
79%
Breakfast at Tiffany's, My Fair Lady, Roman HolidayAudrey Hepburn
78%
GoldenEye, Mamma Mia!, The Tailor of PanamaPierce Brosnan
74%
Lethal Weapon, The Color Purple, SawDanny Glover
62%
Sixteen Candles, Pretty in Pink, The Breakfast ClubMolly Ringwald
59%
The Horse Whisperer, The Sting, The NaturalRobert Redford
58%
Wedding Crashers, Swingers, Old SchoolVince Vaughn
57%
Guys and Dolls, Ocean's 11 (1960), The Manchurian CandidateFrank Sinatra
55%
Annie Hall, Something's Gotta Give, The GodfatherDiane Keaton
54%
Fargo, Nomadland, Moonrise KingdomFrances McDormand
53%
Crazy Heart, The Dark Knight, Donnie DarkoMaggie Gyllenhaal
53%
Mean Girls, Date Night, Baby MamaTina Fey
53%
Deliverance, The Cannonball Run, Smokey and the BanditBurt Reynolds
52%
In the Heat of the Night, Guess Who's Coming to Dinner, SneakersSidney Poitier
49%
The Ring, King Kong (2005), Mulholland DriveNaomi Watts
44%
Sideways, The Holdovers, American SplendorPaul Giamatti
40%

Score Distribution

Percentile by Number Answered

Percent of People with Each Score

Your Score History

You have not taken this quiz since the last reset